000 00640nam a2200217 4500
003 OSt
005 20240626021255.0
006 a
008 240626b |||||||| |||| 00| 0 eng d
020 _a9789710434114
040 _aDWCL-HMN lib.
_cOC
082 _2Second edition
_aFil. 649.1 Ev92i 2008
100 _aEvangelista-Sia, Maria Loreto J.
245 _aInfant care & feeding /
250 _aSecond edition
260 _aQuezon City :
_bRMSIA Pub. ,
_cc2008.
300 _b28 p. : ill. ;
_c26 cm.
504 _aIncludes bibliographical references.
650 _a1. Infants-Care.
942 _2ddc
_n0
_cBK - FIL
_eSecond edition
_kFil.
999 _c1363
_d1363